00319nam a2200121Ia 4500003000400000040000800004082001800012100002400030245007700054260004000131300001500171365001100186LDD cLDD a294.382 B469W aBhikkhu, Thanissaro 0aWings to awakeningbAn anthology from the pali canoncThanissaro Bhikkhu aUSAbDhamma dana publicationsc1996 axii, 352p. b704.00